Fyziologie člověka : praktická cvičení pro studenty Farmaceutické fakulty VFU Brno /

Korporativní autor: Veterinární a farmaceutická univerzita Brno. Ústav fyziologie
Další autoři: Matalová, Eva, 1973-
Jazyk: Čeština
Vydáno: Brno : Akademické nakladatelství CERM, 2006
Vydání: Vyd. 1.
Témata:
Externí odkaz: Digitalizovaný dokument
Fyzický popis: 97 s. : il. (převážně barev.) ; 25 cm
Knihy
Uloženo v:
LEADER 01884nam a2200457 a 4500
001 nkc20071713658
003 CZ PrNK
005 20070827161045.0
007 ta
008 070323s2006 xr a e p 000 0 cze
015 |a cnb001713658 
020 |a 80-7204-485-0  |q (brož.) 
035 |a (OCoLC)187295685 
040 |a OLA001  |b cze  |d ABA001 
072 7 |a 612  |x Fyziologie člověka a srovnávací fyziologie  |2 Konspekt  |9 14 
072 7 |a 37.016  |x Učební osnovy. Vyučovací předměty. Učebnice  |2 Konspekt  |9 22 
080 |a 612  |2 MRF 
080 |a (075.8)  |2 MRF 
080 |a (076.5)  |2 MRF 
245 0 0 |a Fyziologie člověka :  |b praktická cvičení pro studenty Farmaceutické fakulty VFU Brno /  |c Eva Matalová ... [et al.] 
250 |a Vyd. 1. 
260 |a Brno :  |b Akademické nakladatelství CERM,  |c 2006 
300 |a 97 s. :  |b il. (převážně barev.) ;  |c 25 cm 
500 |a Pod názvem: Ústav fyziologie VFU Brno 
504 |a Obsahuje bibliografii 
650 0 7 |a fyziologie člověka  |7 ph120451  |2 czenas 
650 0 9 |a human physiology  |2 eczenas 
655 7 |a učebnice vysokých škol  |7 fd133772  |2 czenas 
655 7 |a praktická cvičení  |7 fd133118  |2 czenas 
655 9 |a textbooks (higher)  |2 eczenas 
655 9 |a problems, exercises, etc  |2 eczenas 
700 1 |a Matalová, Eva,  |d 1973-  |7 ola2007365181  |4 aut 
710 2 |a Veterinární a farmaceutická univerzita Brno.  |b Ústav fyziologie  |7 mzk2003205670 
856 4 1 |u http://www.digitalniknihovna.cz/mzk/uuid/uuid:6701bb00-57f9-11e8-983f-005056827e51  |y Digitalizovaný dokument  |x NDK 
910 2 |a BOA001  |b 3-1188.181 
928 9 |a CERM 
990 |a BK 
995 |a 01 
991 |b 200706  |c NOV 
996 6 |b 2610313698  |c 3-1188.181  |l MZK  |r Sklad / do 1 hodiny  |n 1  |p p.v.  |w 000854896  |u 000010  |a 1  |e BOA001  |j MZK50  |s P 
996 7 |b 2610313699  |c 3-1188.181  |l MZK  |r Sklad / do 1 hodiny  |n 12  |p p.v.  |w 000854896  |u 000020  |a 1  |e BOA001  |j MZK50  |s A